| 000 | 02184nam a2200397 i 4500 | ||
|---|---|---|---|
| 003 | DO-SdBNP | ||
| 005 | 20260415135720.0 | ||
| 007 | ta | ||
| 008 | 250430b2011 dr a|||| |||| 00| 0 spa d | ||
| 020 | _a9789945629392 | ||
| 040 |
_aDO-SdBNP _bspa _cBNPHU _erda |
||
| 041 | _aspa | ||
| 082 | 4 |
_a338.17361 _bM385c, 2024 _222 |
|
| 100 | 1 |
_aMartínez Moya, Arturo, _d1949- _eautor _4aut. _973407 |
|
| 245 | 1 | 3 |
_aLa caña da para todo : _bestudio histórico cuantitativo del desarrollo azucarero dominicano (1500-1930) / _cArturo Martínez Moya ; prólogo de José Antonio Piqueras. |
| 250 | _aEdición facsimilar | ||
| 264 | 4 |
_aSanto Domingo : _bBanco Central de la República Dominicana, _c©2024 |
|
| 300 |
_a774 páginas : _bilustraciones, cuadros, gráficos ; _c23 cm. |
||
| 336 |
_atexto _btxt _2rdacontent |
||
| 337 |
_asin mediación _bn _2rdamedia |
||
| 338 |
_avolumen _bnc _2rdacarrier |
||
| 490 | 0 |
_aArchivo General de la Nacion ; _v137 |
|
| 490 | 0 |
_aColección Banco Central de la República Dominicana ; _v311 |
|
| 490 | 0 |
_aSerie ciencias sociales ; _v47 |
|
| 500 | _aIncluye referencias bibliográficas y notas al pie de las páginas | ||
| 504 | _aBibliografía: páginas 647-666 | ||
| 505 | _aIntroducción -- Economía del trapiche y de la industria: desde su origen hasta 1800 -- Del trapiche al central: de 1800 a 1899 -- Del ingenio al central azucarero: de 1900 a 1930 -- Materia prima y transporte -- Mercado de trabajo -- La acumulación de capital -- Modelo de crecimiento de la industria -- Planteamientos finales: La caña da para todo. | ||
| 534 |
_p Reproducción facsímil de la edición de _cSanto Domingo: Archivo General de la Nación, 2011 |
||
| 650 | 7 |
_aIndustria azucarera _zRepública Dominicana _xHistoria _y1500-1930 _2LIBRUNAM _9202 |
|
| 650 | 7 |
_aCaña de azucar _xCultivo _zRepública Dominicana _xHistoria _y1500-1930 _2LIBRUNAM _989317 |
|
| 650 | 7 |
_aPolítica industrial _zRepública Dominicana _xHistoria _y1500-1930 _989318 |
|
| 700 | 1 |
_aPiqueras Arenas, José A. _d1955- _eprologuista _4pr. _qJosé Antonio _987605 |
|
| 710 | 2 |
_aArchivo General de la Nación _987606 |
|
| 910 | _aValidado. Control de calidad MFF | ||
| 942 |
_2ddc _cLBS1 |
||
| 999 |
_c58248 _d58248 |
||